[Event "The Maroczy Bind"]
[Site "SchemingMind.com"]
[Date "2006.08.28"]
[Round "-"]
[White "Alejandro Ramirez"]
[Black "KaliYuga"]
[Result "0-1"]
[WhiteCountry "CRC"]
[BlackCountry "IRL"]
[WhiteElo "1549"]
[WhiteRD "103"]
[BlackElo "1936"]
[BlackRD "68"]
[GameID "65390"]

1. e4 c5 2. Nf3 g6 3. d4 cxd4 4. Nxd4 Nc6 5. c4 Bg7 6. Nxc6 bxc6 7. Bd3 d6 8. O-O Nf6 9. c5 dxc5 10. Qc2 O-O
11. Be3 Ng4 12. Bxc5= Bxb2 13. Qxb2 Qxd3 14. Nc3 Re8 15. Rad1= Qc4 16. Qa3 e5 17. f3 Nf6 18. Rd6 Nd7
0-1

[Event "The Maroczy Bind"]
[Site "SchemingMind.com"]
[Date "2006.08.29"]
[Round "-"]
[White "Alejandro Ramirez"]
[Black "Louis Lima"]
[Result "1/2-1/2"]
[WhiteCountry "CRC"]
[BlackCountry "ESP"]
[WhiteElo "1651"]
[WhiteRD "121"]
[BlackElo "1682"]
[BlackRD "55"]
[GameID "65391"]

1. e4 c5 2. Nf3 g6 3. d4 cxd4 4. Nxd4 Nc6 5. c4 Bg7 6. Nxc6 dxc6 7. Qxd8+ Kxd8 8. Bd3 Kc7 9. Nc3 Bxc3+ 10. bxc3 e5
11. f4 f6 12. Rf1 Be6 13. fxe5 fxe5 14. Bg5 h6 15. Bh4=
1/2-1/2

[Event "The Maroczy Bind"]
[Site "SchemingMind.com"]
[Date "2006.08.27"]
[Round "-"]
[White "Alejandro Ramirez"]
[Black "griffimv"]
[Result "0-1"]
[WhiteCountry "CRC"]
[BlackCountry "INT"]
[WhiteElo "1578"]
[WhiteRD "106"]
[BlackElo "2232"]
[BlackRD "78"]
[GameID "65393"]

1. e4 c5 2. Nf3 g6 3. d4 cxd4 4. Nxd4 Nc6 5. c4 Nf6 6. Nc3 d6 7. Nxc6 bxc6 8. c5 Bg7 9. Qa4 O-O 10. Qxc6 Bd7
11. Qa6 Rc8 12. Be2 Rxc5 13. Be3= Rxc3
0-1

[Event "The Maroczy Bind"]
[Site "SchemingMind.com"]
[Date "2006.08.28"]
[Round "-"]
[White "Alejandro Ramirez"]
[Black "smozar0406"]
[Result "0-1"]
[WhiteCountry "CRC"]
[BlackCountry "IND"]
[WhiteElo "1549"]
[WhiteRD "103"]
[BlackElo "1916"]
[BlackRD "94"]
[GameID "65394"]

1. e4 c5 2. Nf3 g6 3. d4 cxd4 4. Nxd4 Nc6 5. c4 Bg7 6. Nxc6 bxc6 7. Bd3 d6 8. O-O Nf6 9. Bd2 O-O 10. Bc3 e5
11. Qa4 Qc7 12. Ba5 Qd7 13. Nc3= Nh5 14. Rfd1 Nf4 15. Bf1 Re8 16. c5 d5 17. exd5 cxd5 18. Qxd7 Bxd7 19. Nxd5 Nxd5 20. Rxd5 Bc6
21. Rd6 Bb7
0-1

[Event "The Maroczy Bind"]
[Site "SchemingMind.com"]
[Date "2006.08.27"]
[Round "-"]
[White "mikhailtal"]
[Black "Alejandro Ramirez"]
[Result "1-0"]
[WhiteCountry "ENG"]
[BlackCountry "CRC"]
[WhiteElo "1742"]
[WhiteRD "68"]
[BlackElo "1578"]
[BlackRD "106"]
[GameID "65395"]

1. e4 c5 2. Nf3 g6 3. d4 cxd4 4. Nxd4 Nc6 5. c4 Bg7 6. Be3 Qb6 7. Nxc6 Qxc6 8. Qc2 Nh6 9. Be2 f5 10. Bf3 Ng4
11. exf5 Nxe3 12. fxe3 Qb6 13. Nc3 Qxe3+ 14. Ne2 gxf5 15. Bh5+ Kd8 16. Rd1 Qe4 17. Qxe4 fxe4 18. b4 d6 19. O-O a5 20. c5 axb4
21. cxd6 exd6 22. Rxd6+ Kc7 23. Rd2 Rf8 24. Rf7+ Rxf7= 25. Bxf7
1-0

[Event "The Maroczy Bind"]
[Site "SchemingMind.com"]
[Date "2006.08.27"]
[Round "-"]
[White "Ilang"]
[Black "Alejandro Ramirez"]
[Result "1-0"]
[WhiteCountry "HUN"]
[BlackCountry "CRC"]
[WhiteElo "2218"]
[WhiteRD "73"]
[BlackElo "1616"]
[BlackRD "117"]
[GameID "65396"]

1. e4 c5 2. Nf3 g6 3. d4 cxd4 4. Nxd4 Nc6 5. c4 Bg7 6. Be3 Nf6 7. Nc3 Ng4 8. Qxg4 Nxd4 9. Qd1 Ne6 10. Rc1 b6
11. Bd3 O-O 12. O-O Bb7 13. b4 Nd4 14. f4 f5 15. e5 Ne6 16. Be2 g5 17. fxg5 f4 18. Bd2
1-0

[Event "The Maroczy Bind"]
[Site "SchemingMind.com"]
[Date "2006.08.27"]
[Round "-"]
[White "KaliYuga"]
[Black "Alejandro Ramirez"]
[Result "1-0"]
[WhiteCountry "IRL"]
[BlackCountry "CRC"]
[WhiteElo "1936"]
[WhiteRD "68"]
[BlackElo "1549"]
[BlackRD "103"]
[GameID "65397"]

1. e4 c5 2. Nf3 g6 3. d4 cxd4 4. Nxd4 Nc6 5. c4 Bg7 6. Be3 Nf6 7. Nc3 Ng4 8. Qxg4 Nxd4 9. Qd1 Ne6 10. Qc2 Qa5
11. Bd3 Bxc3+= 12. bxc3 d6 13. O-O Nc5 14. Bh6 Qa4 15. Qd2 Rg8 16. Bc2 Qxc4= 17. Rfe1 Be6 18. f3
1-0

[Event "The Maroczy Bind"]
[Site "SchemingMind.com"]
[Date "2006.08.27"]
[Round "-"]
[White "griffimv"]
[Black "Alejandro Ramirez"]
[Result "1-0"]
[WhiteCountry "INT"]
[BlackCountry "CRC"]
[WhiteElo "2232"]
[WhiteRD "78"]
[BlackElo "1578"]
[BlackRD "106"]
[GameID "65400"]

1. e4 c5 2. Nf3 g6 3. d4 cxd4 4. Nxd4 Nc6 5. c4 Bg7 6. Be3 Qa5+ 7. Nc3 d6 8. Be2 Nxd4 9. Bxd4 Bxd4 10. Qxd4 Nf6
11. O-O Qe5 12. Qxe5
1-0

[Event "The Maroczy Bind"]
[Site "SchemingMind.com"]
[Date "2006.08.27"]
[Round "-"]
[White "smozar0406"]
[Black "Alejandro Ramirez"]
[Result "1-0"]
[WhiteCountry "IND"]
[BlackCountry "CRC"]
[WhiteElo "1916"]
[WhiteRD "94"]
[BlackElo "1549"]
[BlackRD "103"]
[GameID "65401"]

1. e4 c5 2. Nf3 g6 3. d4 cxd4 4. Nxd4 Nc6 5. c4 Bg7 6. Be3 Nf6 7. Nc3 Ng4 8. Nxc6 dxc6 9. Qxd8+ Kxd8 10. Rd1+ Ke8
11. Bd4 Bxd4 12. Rxd4 e5 13. Rd1 Be6= 14. b3 Rd8 15. h3 Rxd1+ 16. Nxd1 Nf6= 17. Bd3 h5 18. Kd2 Ke7 19. Ke3 h4 20. Nc3 Rd8
21. Rd1 g5= 22. Be2
1-0

[Event "The Maroczy Bind"]
[Site "SchemingMind.com"]
[Date "2006.08.30"]
[Round "-"]
[White "riverriver"]
[Black "mikhailtal"]
[Result "1-0"]
[WhiteCountry "USA"]
[BlackCountry "ENG"]
[WhiteElo "1946"]
[WhiteRD "72"]
[BlackElo "1752"]
[BlackRD "67"]
[GameID "65619"]

1. e4 c5 2. Nf3 g6 3. d4 cxd4 4. Nxd4 Nc6 5. c4 d6 6. Nc3 Bg7 7. Be3 Nf6 8. Be2 Bd7 9. O-O O-O 10. Qd2 a6
11. f3 Ne5 12. b3 Nc6 13. Nxc6 Bxc6 14. Rad1 Nd7 15. Nd5 a5 16. Bh6 Nc5 17. h3 Nd7 18. Kh1 Nb6 19. Bxg7
1-0

[Event "The Maroczy Bind"]
[Site "SchemingMind.com"]
[Date "2006.08.29"]
[Round "-"]
[White "riverriver"]
[Black "Ilang"]
[Result "0-1"]
[WhiteCountry "USA"]
[BlackCountry "HUN"]
[WhiteElo "1946"]
[WhiteRD "72"]
[BlackElo "2163"]
[BlackRD "75"]
[GameID "65620"]

1. e4 c5 2. Nf3 g6 3. d4 cxd4 4. Nxd4 Nc6 5. c4 Bg7 6. Be3 Nf6 7. Nc3 O-O 8. Be2 d6 9. O-O Bd7 10. Qd2 Nxd4
11. Bxd4 Bc6 12. f3 a5 13. b3 Nd7 14. Be3 Nc5 15. Rab1 b6 16. a3 Be5 17. Bh6 Re8 18. Rfd1 Rc8 19. g3 Ra8 20. Be3 Qb8
21. Bd4 Bxd4+ 22. Qxd4 Qb7 23. Qe3 Rec8 24. Qh6 Rf8 25. Nd5 Bxd5 26. cxd5 b5 27. b4 axb4 28. axb4 Nd7 29. Ra1 Ra4 30. Rxa4 bxa4
31. b5 a3 32. Ra1 Ra8 33. Kg2 Qc7 34. Rc1 Qa5 35. Ra1 Qc3 36. Ra2 Ne5 37. b6 Rb8 38. Kf2 Rxb6 39. Qd2 Qxd2 40. Rxd2 Rb2
41. Rd4 a2 42. Ra4 Nd3+ 43. Ke3 Nb4 44. Ra8+ Kg7 45. Bd1 Rb1 46. Be2 a1=Q 47. Rxa1 Rxa1 48. h4 Ra3+ 49. Kf4 f6 50. h5 Nc2
51. hxg6 hxg6 52. Kg4 Nd4 53. Bf1 Nxf3 54. Be2 f5+ 55. exf5 gxf5+ 56. Kh5 Ng1 57. Bd1 Rxg3 58. Kh4 Rg2 59. Bh5 f4 60. Bd1 Kg6
61. Bg4 Rh2+
0-1

[Event "The Maroczy Bind"]
[Site "SchemingMind.com"]
[Date "2006.08.29"]
[Round "-"]
[White "riverriver"]
[Black "KaliYuga"]
[Result "1-0"]
[WhiteCountry "USA"]
[BlackCountry "IRL"]
[WhiteElo "2050"]
[WhiteRD "78"]
[BlackElo "1936"]
[BlackRD "68"]
[GameID "65621"]

1. e4 c5 2. Nf3 g6 3. d4 cxd4 4. Nxd4 Nc6 5. c4 Bg7 6. Be3 Nf6 7. Nc3 Ng4 8. Nxc6 Nxe3 9. Nxd8 Nxd1 10. Rxd1 Bxc3+
11. bxc3 Kxd8 12. c5 Kc7 13. Bc4 e6 14. Bb5 a6 15. Ba4 Rb8 16. Rd4 b5 17. cxb6+ Rxb6 18. Rc4+ Kd6 19. O-O Rb2 20. Rd1+ Ke7
21. Rc7 Rd8 22. Bb3 h5 23. c4 f5 24. exf5 gxf5 25. c5 Kf6 26. g3 h4 27. gxh4 Rg8+ 28. Kf1 a5 29. Rd6 Rb1+ 30. Ke2 f4
31. c6 Rb2+ 32. Kf3 a4 33. Rxc8 Rxc8 34. cxd7 Rd8 35. Rxe6+ Kf7 36. Re2+ Rxb3+ 37. axb3 axb3 38. Rb2 Rxd7 39. Rxb3 Rd4 40. Kg4
1-0

[Event "The Maroczy Bind"]
[Site "SchemingMind.com"]
[Date "2006.08.30"]
[Round "-"]
[White "riverriver"]
[Black "Louis Lima"]
[Result "1-0"]
[WhiteCountry "USA"]
[BlackCountry "ESP"]
[WhiteElo "1946"]
[WhiteRD "72"]
[BlackElo "1657"]
[BlackRD "49"]
[GameID "65622"]

1. e4 c5 2. Nf3 g6 3. d4 cxd4 4. Nxd4 Nc6 5. c4 Bg7 6. Be3 Nf6 7. Nc3 Ng4 8. Qxg4 Nxd4 9. Qd1 Nc6 10. Qc2 Qa5
11. Be2 Bxc3+ 12. Qxc3 Qxc3+ 13. bxc3 d6 14. c5 dxc5 15. Bxc5 Bd7 16. Rd1 O-O-O 17. O-O Be6 18. Bb5 a6= 19. Bxc6 bxc6 20. Bxe7 Rd7
21. Bf6 Re8 22. Rxd7 Bxd7 23. f3 Be6 24. a3 h5 25. Kf2 Kb7 26. Rb1+ Ka7 27. Bd4+ Ka8 28. Rb6
1-0

[Event "The Maroczy Bind"]
[Site "SchemingMind.com"]
[Date "2006.08.29"]
[Round "-"]
[White "riverriver"]
[Black "griffimv"]
[Result "0-1"]
[WhiteCountry "USA"]
[BlackCountry "INT"]
[WhiteElo "1946"]
[WhiteRD "72"]
[BlackElo "2225"]
[BlackRD "78"]
[GameID "65624"]

1. e4 c5 2. Nf3 g6 3. d4 cxd4 4. Nxd4 Nc6 5. c4 Nf6 6. Be3 Nxe4 7. Nxc6 bxc6 8. Qd4 Nf6 9. Nc3 Bg7 10. O-O-O O-O
11. Qh4 d6 12. f3 Qa5 13. Bh6 Rb8 14. g4 Bxh6+ 15. Qxh6 Be6 16. Rd2 Rb4 17. g5 Nh5 18. a3 Rb3 19. Ne4 Rfb8 20. f4 Rxb2
21. Rxb2 Qe1+ 22. Kc2 Qxe4+ 23. Bd3 Qg2+
0-1

[Event "The Maroczy Bind"]
[Site "SchemingMind.com"]
[Date "2006.08.29"]
[Round "-"]
[White "riverriver"]
[Black "smozar0406"]
[Result "1/2-1/2"]
[WhiteCountry "USA"]
[BlackCountry "IND"]
[WhiteElo "1991"]
[WhiteRD "76"]
[BlackElo "1891"]
[BlackRD "97"]
[GameID "65626"]

1. e4 c5 2. Nf3 g6 3. d4 cxd4 4. Nxd4 Nc6 5. c4 Bg7 6. Be3 d6 7. Nc3 Nf6 8. Be2 O-O 9. O-O e6 10. Nxc6 bxc6
11. c5 d5 12. e5 Nd7 13. f4 Qe7 14. Qa4 Bb7 15. g3 Rfc8 16. Kh1 Bf8 17. Qb4 Rab8 18. Qa5 Nxc5 19. Qxa7 Nd7 20. Bf3 Ba8
21. b3 c5 22. Bd2 d4 23. Ne2 Bxf3+ 24. Rxf3 Nb6 25. Qa6 Nd5 26. Qd3 Qb7 27. Qe4 Qa6 28. Qd3 Qb7 29. Qe4 Qa6 30. Qd3 Qb7
31. Qe4
1/2-1/2

[Event "The Maroczy Bind"]
[Site "SchemingMind.com"]
[Date "2006.08.28"]
[Round "-"]
[White "mikhailtal"]
[Black "riverriver"]
[Result "0-1"]
[WhiteCountry "ENG"]
[BlackCountry "USA"]
[WhiteElo "1733"]
[WhiteRD "69"]
[BlackElo "1967"]
[BlackRD "76"]
[GameID "65627"]

1. e4 c5 2. Nf3 g6 3. d4 cxd4 4. Nxd4 Nc6 5. c4 Nf6 6. Nc3 d6 7. Be2 Bg7 8. Be3 O-O 9. O-O Bd7 10. f4 Qb6
11. Na4 Qa5 12. Nc3 Rac8 13. Nb3 Qd8 14. Qd2 Ng4 15. Bxg4 Bxg4 16. h3 Be6 17. Qe2 Bxc3 18. bxc3 f5 19. exf5 Bxf5 20. Nd4 b6
21. g4 Bd7 22. f5 gxf5 23. gxf5 Rf6 24. Qg4+ Rg6 25. Bg5 Rg7 26. Qh5 Nxd4 27. cxd4 Rxc4 28. f6 exf6
0-1

[Event "The Maroczy Bind"]
[Site "SchemingMind.com"]
[Date "2006.08.28"]
[Round "-"]
[White "Ilang"]
[Black "riverriver"]
[Result "1-0"]
[WhiteCountry "HUN"]
[BlackCountry "USA"]
[WhiteElo "2163"]
[WhiteRD "75"]
[BlackElo "1946"]
[BlackRD "72"]
[GameID "65628"]

1. e4 c5 2. Nf3 g6 3. d4 cxd4 4. Nxd4 Nc6 5. c4 Nf6 6. Nc3 d6 7. Be2 Bg7 8. Be3 O-O 9. O-O Bd7 10. Qd2 Nxd4
11. Bxd4 Bc6 12. f3 a5 13. b3 Nd7 14. Be3 Nc5 15. Rad1 b6 16. Bd4 Bxd4+ 17. Qxd4 a4 18. b4 Ne6 19. Qe3 Ra7 20. Nd5 Rb7
21. f4 Ng7 22. f5 Bxd5 23. cxd5 gxf5 24. exf5 b5 25. Qh6 Qb6+ 26. Kh1 Rc8 27. Rd3 Rbc7 28. f6 exf6 29. Rg3 Kf8 30. Qxg7+ Ke8
31. Qh8+ Ke7 32. Qxf6+ Kf8 33. Qg7+ Ke7 34. Rxf7+ Ke8 35. Qf8#
1-0

[Event "The Maroczy Bind"]
[Site "SchemingMind.com"]
[Date "2006.08.28"]
[Round "-"]
[White "KaliYuga"]
[Black "riverriver"]
[Result "1-0"]
[WhiteCountry "IRL"]
[BlackCountry "USA"]
[WhiteElo "1925"]
[WhiteRD "70"]
[BlackElo "1987"]
[BlackRD "80"]
[GameID "65629"]

1. e4 c5 2. Nf3 g6 3. d4 cxd4 4. Nxd4 Nc6 5. c4 Nf6 6. Nc3 d6 7. Be2 Bg7 8. Be3 O-O 9. O-O Bd7 10. Qd2 Ng4
11. Bxg4 Bxg4 12. f3 Nxd4 13. Bxd4 Bxd4+ 14. Qxd4 e5 15. Qe3 Be6 16. Nd5 f5 17. Rac1 Rf7 18. exf5 Rxf5 19. g4 Rf7 20. b4 Qh4
21. Rcd1 Raf8 22. Qe4 Qh3 23. c5 dxc5 24. bxc5 a5 25. Qxe5 Bxg4 26. Ne7+ Rxe7 27. Qxe7 Bxf3 28. Qg5 Bxd1 29. Qd5+ Kg7 30. Qxb7+ Kg8
31. Qd5+ Kg7 32. Qe5+ Kh6 33. Rxf8 Qg4+ 34. Kf2 Qh4+ 35. Qg3 Qh5 36. c6 Kg7 37. Rd8 Qf5+ 38. Ke1 Bf3 39. Rd7+ Kh6 40. Qh4+ Bh5
41. Kd2 Qf1 42. Re7 Qd1+ 43. Ke3 Qc1+ 44. Kd4 Qd2+ 45. Kc5 Qc2+ 46. Kb6 Qb2+ 47. Kxa5 Qxa2+ 48. Kb6 Qb3+ 49. Kc7 g5 50. Qg3 Qc4
51. Qe5 Bg6 52. Kd7 Qd3+ 53. Qd6 Qb5 54. Re3 Qf5+ 55. Kd8 Qa5+ 56. c7 Qa8+ 57. c8=Q Qa5+ 58. Qcc7
1-0

[Event "The Maroczy Bind"]
[Site "SchemingMind.com"]
[Date "2006.08.28"]
[Round "-"]
[White "Louis Lima"]
[Black "riverriver"]
[Result "0-1"]
[WhiteCountry "ESP"]
[BlackCountry "USA"]
[WhiteElo "1657"]
[WhiteRD "49"]
[BlackElo "1946"]
[BlackRD "72"]
[GameID "65630"]

1. e4 c5 2. Nf3 g6 3. d4 cxd4 4. Nxd4 Nc6 5. c4 Nf6 6. Nc3 d6 7. f3 Nxd4 8. Qxd4 Bg7 9. Nd5 O-O 10. Nxf6+ Bxf6
11. Qd1 Qc7 12. Be2 Be6 13. Qc2 Rfc8 14. Be3 Bxc4 15. Rc1 Qa5+
0-1

[Event "The Maroczy Bind"]
[Site "SchemingMind.com"]
[Date "2006.08.28"]
[Round "-"]
[White "Tere"]
[Black "riverriver"]
[Result "0-1"]
[WhiteCountry "VEN"]
[BlackCountry "USA"]
[WhiteElo "1551"]
[WhiteRD "97"]
[BlackElo "1967"]
[BlackRD "76"]
[GameID "65631"]

1. e4 c5 2. Nf3 g6 3. d4 cxd4 4. Nxd4 Nc6 5. c4 Nf6 6. Nc3 d6 7. Be2 Bg7 8. Be3 O-O 9. Qd2 Nxd4 10. Bxd4 Ng4
0-1

[Event "The Maroczy Bind"]
[Site "SchemingMind.com"]
[Date "2006.08.28"]
[Round "-"]
[White "griffimv"]
[Black "riverriver"]
[Result "1-0"]
[WhiteCountry "INT"]
[BlackCountry "USA"]
[WhiteElo "2225"]
[WhiteRD "78"]
[BlackElo "1946"]
[BlackRD "72"]
[GameID "65632"]

1. e4 c5 2. Nf3 g6 3. d4 cxd4 4. Nxd4 Nc6 5. c4 Nf6 6. Nc3 d6 7. Be2 Bg7 8. Be3 O-O 9. O-O Bd7 10. Qd2 Nxd4
11. Bxd4 Bc6 12. f3 a5 13. b3 Nd7 14. Be3 Ne5 15. Nd5 Nd7 16. Rac1 e6 17. Rfd1 Be5 18. f4 Bg7 19. Nc3 Bxc3 20. Qxc3 Bxe4
21. Rxd6 Qc7 22. Qd4 Bc6 23. Rd1 Nb8 24. Qf6 Nd7 25. Rxd7 Qxd7 26. Bd4 Qxd4+ 27. Rxd4 Rac8 28. h4 b5 29. h5 gxh5 30. Bxh5 bxc4
31. f5 exf5 32. Qxf5
1-0

[Event "The Maroczy Bind"]
[Site "SchemingMind.com"]
[Date "2006.08.28"]
[Round "-"]
[White "smozar0406"]
[Black "riverriver"]
[Result "0-1"]
[WhiteCountry "IND"]
[BlackCountry "USA"]
[WhiteElo "1891"]
[WhiteRD "97"]
[BlackElo "1991"]
[BlackRD "76"]
[GameID "65634"]

1. e4 c5 2. Nf3 g6 3. d4 cxd4 4. Nxd4 Nc6 5. c4 Nf6 6. Nc3 d6 7. Be2 Bg7 8. Be3 O-O 9. O-O Bd7 10. h3 a6
11. Qd2 Nxd4 12. Bxd4 Rc8 13. Rac1 Qa5 14. Qe3 e5 15. Bb6 Qb4 16. b3 Rc6 17. Na4 Qa3 18. Rc2 Nxe4 19. Bf3 f5 20. Ba5 b5
21. Bxe4 fxe4 22. Nb6 Qxa5
0-1